000
00340nam a2200133Ia 4500
008
100328s9999 xx 000 0 und d
082
_b
58415
100
_a
Shufflebotham Robert
245
_a
Photoshop in Easy Staps.
260
_b
Dreamtech.
630
_a
Photoshop in Easy Staps.
730
_a
Photoshop in Easy Staps.
942
_c
BOOK
999
_c
544751
_d
544748